000 00587nam a2200205Ia 4500
005 20250326144403.0
008 250326s9999 xx 000 0 und d
020 _a978-1-84542-665-1
037 _aTextbook
040 _aFMSL
_beng
_cFMSL
041 _aeng
_2eng
084 _aX:87 P7
_qFMSL
100 _aWallis J L
_9749581
245 0 _aReform and leadership in the public sector
_cWallis J L And Others
260 _aUnited Kingdom
_bUnited Kingdom, Edwad Elgar
_c2007
300 _a194p
365 _b4446.75
942 _cTB
_hX:87 P7
999 _c1303523
_d1303523